=LDR 00000nam 2200000 4500 =001 INLIS000000000016959 =005 20251204104143 =035 ##$$a 0010-061300000016959 =008 251204###########################0#ind## =041 ##$$a Ind =082 ##$$a 028.5 =090 ##$$a F Rom K, Kik k =245 1#$$a Kiko si monyet nakal /$c Tim AMA =260 ##$$a Jakarta :$b AMA,$c 2003 =300 ##$$a 24 hlm : $b Ilus ; $c 17 cm =650 #4$$a Fiksi anak-anak =850 ##$$a NBPNMAT =084 ##$$a 028.5 TIM k =100 #$$a Tim AMA =990 ##$$a 20403238 =990 ##$$a 20403238